00647 a2200181 4500003000500000005001700005040000900022082001000031245007000041260004200111300001000153505012300163538003200286650001500318942001200333999001900345952010100364Nust20170207154215.0 cNust a378.4 aMilitary College Jhelum- Prospectus 2002cMilitary College Jhelum aJhelumbMilitary College Jhelumc2002 a17 p. aIntroduction (Page-1) Establishment (Page-2) Teaching Facilities (Page-3) Library (Page-4) Submission of Application  aAlmirah No. 117 Shelf No. 2 aProspectus 2ddccBK c195085d195085 00102ddc40708NFICaMCSbMCSd2016-12-12l0o378.4 MILpMCSPS-82r2016-12-08w2016-12-12yBK